000 00759nam a2200181Ia 4500
008 151202s9999||||xx |||||||||||||| ||und||
082 _bPNVM-59530
100 _aफ्लेमिंग श्यान -अनु.गुजर अनिल.
245 _aमृत्युच्या सावलीत.
260 _bस्वप्न प्रकाशन पुणे.
260 _c59530
300 _a164
600 _aफ्लेमिंग श्यान -अनु.गुजर अनिल.
630 _aमृत्युच्या सावलीत.
700 _aफ्लेमिंग श्यान -अनु.गुजर अनिल.
730 _aमृत्युच्या सावलीत.
942 _cBOOK
999 _c1326064
_d1326061